000 00540nam a2200193 4500
005 20250806150900.0
010 _aENG-146407
020 _a9789392210938
_c299.00
035 _aEN-129939
037 _bDBAD
082 _a155.2
100 _aMurphy, Joseph
_983884
245 _aThe Power of Your Subconscious Mind/
_cJoseph Murphy
250 _a1
260 _aChandigarh
_bThe Browser
_c2025
270 _aSCO-14,15, Sector 8-C
_bChandigarh
_e160009
300 _a216p.
_c20cm(pb)
942 _2ddc
_cEN
_h155.2
_mMUR
999 _c212907
_d212907